Interpretación y análisis de los estados contables (Registro nro. 872)
[ vista simple ]
| 000 -LEADER | |
|---|---|
| fixed length control field | 01295 a2200205 4500 |
| 001 - CONTROL NUMBER | |
| control field | 21952 |
| 005 - DATE AND TIME OF LATEST TRANSACTION | |
| control field | 20260407155509.0 |
| 008 - FIXED-LENGTH DATA ELEMENTS--GENERAL INFORMATION | |
| fixed length control field | 260407a1996 arg spa d |
| 003 - CONTROL NUMBER IDENTIFIER | |
| control field | AR-UNSa-BCEJYS |
| 040 ## - CATALOGING SOURCE | |
| Original cataloging agency | AR-UNSa-BCEJYS |
| Language of cataloging | spa |
| Transcribing agency | AR-UNSa-BCEJYS |
| 080 ## - UNIVERSAL DECIMAL CLASSIFICATION NUMBER | |
| Universal Decimal Classification number | 657.3 |
| Common auxiliary subdivision | Presupuestos. Cierre de Cuentas. Balances (Estados Contables) |
| 020 ## - INTERNATIONAL STANDARD BOOK NUMBER | |
| International Standard Book Number | 978-950-537-341-3 |
| 100 1# - MAIN ENTRY--PERSONAL NAME | |
| Personal name | Biondi, Mario |
| 245 10 - TITLE STATEMENT | |
| Title | Interpretación y análisis de los estados contables |
| 264 #1 - PRODUCTION, PUBLICATION, DISTRIBUTION, MANUFACTURE, AND COPYRIGHT NOTICE | |
| Place of production, publication, distribution, manufacture | Buenos Aires : |
| Name of producer, publisher, distributor, manufacturer | Ediciones Macchi |
| Date of production, publication, distribution, manufacture, or copyright notice | 1996 |
| 300 ## - PHYSICAL DESCRIPTION | |
| Extent | 205 p. |
| Dimensions | 28 cm. |
| 505 ## - FORMATTED CONTENTS NOTE | |
| Formatted contents note | 1. Contenido y metodología de la obra - 2. Introducción a la teoría contable: Normas de valuación - 3. Introducción a la teoría contable: Normas de exposición ajustes extracontables para el análisis - 4. Los cambios en la posición financiera de las empresas - 5. Tipos de análisis con estados contables - 6. Caso base de análisis de estados contables - 7. Presentación de informes sobre el análisis de los estados contables - 8. Estados contables proyectados - 9. Clasificaciones vinculadas con créditos bancarios y compañías de seguros - 10. Calisificaciones de riesgo por la compra de títulos valores(acciones y obligaciones negociables) en oferta pública. |
| 590 ## - LOCAL NOTE (RLIN) | |
| Local note | niveau_biblio:m niveau_hierar:0 |
| 942 ## - ADDED ENTRY ELEMENTS (KOHA) | |
| Koha item type | |
| Withdrawn status | Lost status | Damaged status | Not for loan | Home library | Current library | Shelving location | Date acquired | Total checkouts | Full call number | Barcode | Date last seen | Price effective from | Koha item type |
|---|---|---|---|---|---|---|---|---|---|---|---|---|---|
| Biblioteca Prof. Eusebio Cleto del Rey | Biblioteca Prof. Eusebio Cleto del Rey | 07/04/2026 | 657.3 B615 5ed. | L65467 | 07/04/2026 | 07/04/2026 | Libro | ||||||
| Biblioteca Prof. Eusebio Cleto del Rey | Biblioteca Prof. Eusebio Cleto del Rey | 07/04/2026 | 657.3 B615 5ed. | L65468 | 07/04/2026 | 07/04/2026 | Libro | ||||||
| Biblioteca Prof. Eusebio Cleto del Rey | Biblioteca Prof. Eusebio Cleto del Rey | 07/04/2026 | 657.3 B615 5ed. | L65469 | 07/04/2026 | 07/04/2026 | Libro |